Loading...
| History - American | 0 | 7 | 1 | 0 | 65 | 42 | 71.71 | 5 | 7 | 0.00 | 0.00 |
| History - World | 0 | 6 | 0 | 0 | 60 | 47 | 71.17 | 3 | 6 | 0.00 | 0.00 |
| Philosophy | 0 | 4 | 0 | 0 | 40 | 99 | 108.50 | 3 | 4 | 0.00 | 0.00 |
| History - Other | 0 | 4 | 1 | 1 | 35 | 88 | 102.25 | 1 | 4 | 0.00 | 0.00 |
| History - European | 0 | 3 | 0 | 1 | 30 | 39 | 60.00 | 3 | 3 | 0.00 | 0.00 |
| Mythology | 0 | 2 | 0 | 0 | 20 | 86 | 104.50 | 1 | 2 | 0.00 | 0.00 |
| Religion | 0 | 1 | 0 | 0 | 10 | 118 | 118.00 | 1 | 1 | 0.00 | 0.00 |
| Literature - American | 0 | 1 | 0 | 0 | 10 | 99 | 99.00 | 1 | 1 | 0.00 | 0.00 |
| Pop Culture | 0 | 1 | 0 | 0 | 10 | 129 | 129.00 | 0 | 1 | 0.00 | 0.00 |
| Current Events | 0 | 1 | 0 | 0 | 10 | 79 | 79.00 | 0 | 1 | 0.00 | 0.00 |
| Other Academic | 0 | 1 | 0 | 0 | 10 | 128 | 128.00 | 0 | 1 | 0.00 | 0.00 |
| Literature - World | 0 | 1 | 1 | 1 | 5 | 144 | 144.00 | 0 | 1 | 0.00 | 0.00 |
| Fine Arts - Painting and Sculpture | 0 | 1 | 1 | 0 | 5 | 136 | 136.00 | 0 | 1 | 0.00 | 0.00 |